Calculations for molecular biology and biotechnology (رقم التسجيلة. 32193)
[ عرض عادي ]
| 000 -الفاتح | |
|---|---|
| حقل البيانات ثابتة الطول | 01514cam a2200409 a 4500 |
| 001 - رقم الضبط | |
| رقم الضبط | 8563980 |
| 003 - محدد رقم الضبط | |
| رقم الضبط | OSt |
| 005 - وقت وتاريخ اخر تعامل مع التسجيلة | |
| رقم الضبط | 20150408114153.0 |
| 006 - عناصر البيانات ثابتة الطول - خصائص المادة الاضافية-معلومات عامة | |
| حقل البيانات ثابتة الطول | m d |
| 007 - الحقل الثابت للوصف المادى- معلومات عامة | |
| حقل البيانات ثابتة الطول | cr n |
| 008 - عناصر البيانات ثابتة الطول - معلومات عامة | |
| حقل البيانات ثابتة الطول | 100120s2010 enka sb 001 0 eng d |
| 015 ## - رقم الببليوجرافية الوطنية | |
| رقم الببليوجرافية الوطنية | GBB055160 |
| المصدر | bnb |
| 016 7# - رقم ضبط الوكاله الوطنية للضبط الببليوجرافي | |
| رقم ضبط التسجيلة | 015540567 |
| المصدر | Uk |
| 020 ## - الرقم الدولى المعيارى للكتب | |
| الرقم الدولى المعيارى للكتاب | 9780123756909 (pbk.) |
| 020 ## - الرقم الدولى المعيارى للكتب | |
| الرقم الدولى المعيارى للكتاب | 0123756901 (pbk.) |
| 035 ## - رقم ضبط النظام | |
| رقم ضبط النظام | (WaSeSS)ssj0000413413 |
| 040 ## - مصدر الفهرسة | |
| وكالة الفهرسة الأصلية | UKM |
| وكالة النسخ | UKM |
| وكالة التعديل | YDXCP |
| -- | CDX |
| -- | C#P |
| -- | BWX |
| -- | DNLM |
| -- | WaSeSS |
| 042 ## - رمز التحقق | |
| رمز التحقق | nlmcopyc |
| 050 #4 - رقم طلب مكتبة الكونجرس | |
| رقم التصنيف | QH506 |
| رقم المادة | .S74 2010 |
| 050 #4 - رقم طلب مكتبة الكونجرس | |
| رقم التصنيف | QH323.5 |
| 060 00 - رقم الطلب بالمكتبة الطبية الوطنية | |
| رقم التصنيف | 2010 I-340 |
| 060 10 - رقم الطلب بالمكتبة الطبية الوطنية | |
| رقم التصنيف | QH 506 |
| 082 04 - رقم تصنيف ديوى العشرى | |
| رقم التصنيف | 660.60151 |
| رقم الطبعة | 22 |
| رقم المادة | SFC |
| 100 1# - المدخل الرئيسى - إسم شخصى | |
| الإسم الشخصى | Stephenson, Frank Harold. |
| 9 (RLIN) | 40114 |
| 210 10 - العنوان المختصر | |
| العنوان المختصر | Calculations for molecular biology and biotechnology |
| 245 10 - بيان العنوان | |
| العنوان | Calculations for molecular biology and biotechnology |
| الوسيط | [electronic resource] : |
| بقية العنوان | a guide to mathematics in the laboratory / |
| بيان المسئوليه,etc | Frank H. Stephenson. |
| 250 ## - بيان الطبعة | |
| بيان الطبعة | 2nd ed. |
| 260 ## - PUBLICATION, DISTRIBUTION, ETC. (IMPRINT) | |
| مكان الناشر او الموزع | Amsterdam ; |
| -- | Boston : |
| اسم الناشر او الموزع | Academic Press/Elsevier, |
| تاريخ النشر أو التوزيع | 2010. |
| 504 ## - تبصرة ببليوجرافية | |
| تبصرة ببليوجرافية,الخ | Includes bibliographical references and index. |
| 506 ## - تبصرة قيود الاتاحة | |
| قيود الإتاحة | License restrictions may limit access. |
| 650 12 - المدخل الاضافى بالموضوع-مصطلح موضوعى | |
| مصطلح موضوعي أو اسم جغرافي كعنصر مدخل | Molecular Biology |
| 650 12 - المدخل الاضافى بالموضوع-مصطلح موضوعى | |
| مصطلح موضوعي أو اسم جغرافي كعنصر مدخل | Mathematics |
| 650 22 - المدخل الاضافى بالموضوع-مصطلح موضوعى | |
| مصطلح موضوعي أو اسم جغرافي كعنصر مدخل | Biotechnology |
| 773 #0 - مدخل المادة المضيفة | |
| العنوان | ScienceDirect Biochemistry, Genetics and Molecular Biology eBook Collection 2010 |
| 856 40 - الوصول و الموقع الالكترونى | |
| معرف المصدر الموحد | <a href="http://www.columbia.edu/cgi-bin/cul/resolve?clio8563980">http://www.columbia.edu/cgi-bin/cul/resolve?clio8563980</a> |
| تبصرة عامة | Full text available from ScienceDirect Biochemistry, Genetics and Molecular Biology eBook Collection 2010 |
| 942 ## - عناصر المدخل الإضافي( كوها) | |
| مصدر التصنيف او مخطط الترفيف | Dewey Decimal Classification |
| Koha [default] item type | DVD |
| حالة الفقد | نموذج السعر الفعال | حالة تلف | ليس للاعارة | رقم الطلب | تاريخ الاكتساب | الموقع الحالي | الفرع الرئيسي | Date last seen | نوع المادة فى نظام كوها | مصدر التصنيف او خطة الترفيف | Total Checkouts |
|---|---|---|---|---|---|---|---|---|---|---|---|
| 2013-11-16 | 660.60151 SFC | 2013-11-16 | المكتبة المركزية بالمجمعة (CL) | المكتبة المركزية بالمجمعة (CL) | 2013-11-16 | كتاب | Dewey Decimal Classification |
